| 000 | 01385cam a22003614a 4500 | ||
|---|---|---|---|
| 999 |
_c28438 _d28409 |
||
| 001 | 14162856 | ||
| 003 | EG-ScBUE | ||
| 005 | 20200805112844.0 | ||
| 008 | 051031t2006 mdua f b 001 0 eng d | ||
| 020 | _a9780742538856 | ||
| 020 | _a9780742538863 | ||
| 035 | _a(OCoLC)ocm62281388 | ||
| 040 |
_aDLC _beng _erda _cDLC _dBAKER _dC#P _dDLC _dEG-ScBUE |
||
| 082 | 0 | 4 |
_a070.4 _bKOL _222 |
| 100 | 1 |
_aKolodzy, Janet, _d1955- _eauthor. |
|
| 245 | 1 | 0 |
_aConvergence journalism : _bwriting and reporting across the news media / _cJanet Kolodzy. |
| 264 | 1 |
_aOxford, UK : _bRowman and Littlefield Publishers, Inc., _c[2006] |
|
| 264 | 4 | _cc2006 | |
| 300 |
_axii, 267 pages : _billustrations ; _c24 cm |
||
| 336 |
_2rdacontent _atext _btxt |
||
| 337 |
_2rdamedia _aunmediated _bn |
||
| 338 |
_2rdacarrier _avolume _bnc |
||
| 504 | _aIncludes bibliographical references and index. | ||
| 650 | 7 |
_aOnline journalism. _2BUEsh |
|
| 650 | 7 |
_aBroadcast journalism. _2BUEsh |
|
| 650 | 7 |
_aConvergence (Telecommunication) _2BUEsh _937809 |
|
| 653 |
_bCOMAME _cJuly2020 |
||
| 655 |
_vReading book _934232 |
||
| 856 | 4 | 1 |
_3Table of contents _uhttp://www.loc.gov/catdir/toc/ecip062/2005031034.html |
| 906 |
_a7 _bcbc _corignew _d1 _eecip _f20 _gy-gencatlg |
||
| 942 |
_2ddc _cBB |
||